000 00839nam a22002297a 4500
999 _c7772
_d7772
003 AR-CdUCM
008 190321b ||||| |||| 00| 0 spa d
020 _a0-7354-0110-1
040 _aMUNICIPALIDAD PROVINCIAL DEL CUSCO
_cBIBLIOTECA MUNICIPAL DEL CUSCO
082 _a530 /
_bEX97
245 _aExperimentos con Hilos y Cinta Adhesiva /
260 _aEstados Unidos de Norte América :
_bAAPT. ;
_c2002
300 _a414 páginas ;
_bIlustraciones, tablas, fórmulas
_c28cm
505 _aContenido: Experimentos de física
650 _aFísica
_92382
650 _aExperimentos
_92381
700 _aHalpern, Federico D. (editor)
_921958
700 _aHalpern, Teodoro (editor)
_921959
710 _aAmerican Physical Society con permiso de American Association of Physics Teachers
_921960
942 _2ddc
_cLIBROS
945 _anom